<?xml version="1.0" encoding="UTF-8"?><?xml-stylesheet type="text/xsl" href="static/style.xsl"?><OAI-PMH xmlns="http://www.openarchives.org/OAI/2.0/" xmlns:xsi="http://www.w3.org/2001/XMLSchema-instance" xsi:schemaLocation="http://www.openarchives.org/OAI/2.0/ http://www.openarchives.org/OAI/2.0/OAI-PMH.xsd"><responseDate>2026-06-06T05:02:00Z</responseDate><request verb="GetRecord" identifier="oai:riuma.uma.es:10630/32417" metadataPrefix="marc">https://riuma.uma.es/rest/oai/request</request><GetRecord><record><header><identifier>oai:riuma.uma.es:10630/32417</identifier><datestamp>2026-02-03T10:58:42Z</datestamp><setSpec>com_10630_2254</setSpec><setSpec>col_10630_37953</setSpec></header><metadata><record xmlns="http://www.loc.gov/MARC21/slim" xmlns:dcterms="http://purl.org/dc/terms/" xmlns:doc="http://www.lyncode.com/xoai" xmlns:xsi="http://www.w3.org/2001/XMLSchema-instance" xsi:schemaLocation="http://www.loc.gov/MARC21/slim http://www.loc.gov/standards/marcxml/schema/MARC21slim.xsd">
   <leader>00925njm 22002777a 4500</leader>
   <datafield ind2=" " ind1=" " tag="042">
      <subfield code="a">dc</subfield>
   </datafield>
   <datafield ind2=" " ind1=" " tag="720">
      <subfield code="a">Arnaiz Sánchez, Pilar</subfield>
      <subfield code="e">author</subfield>
   </datafield>
   <datafield ind2=" " ind1=" " tag="720">
      <subfield code="a">Cerezo, Fuensanta</subfield>
      <subfield code="e">author</subfield>
   </datafield>
   <datafield ind2=" " ind1=" " tag="720">
      <subfield code="a">Giménez-Gualdo, Ana María</subfield>
      <subfield code="e">author</subfield>
   </datafield>
   <datafield ind2=" " ind1=" " tag="720">
      <subfield code="a">Maquilón Sánchez, Javier Jerónimo</subfield>
      <subfield code="e">author</subfield>
   </datafield>
   <datafield ind2=" " ind1=" " tag="260">
      <subfield code="c">2016-07-28</subfield>
   </datafield>
   <datafield ind2=" " ind1=" " tag="520">
      <subfield code="a">La relación de los jóvenes con las tecnologías plantea diversos riesgos como la ciberadicción y el cyberbullying. Este estudio analiza el consumo que una muestra de adolescentes hace del móvil y del ordenador, de conductas de ciberadicción, y de bullying y cyberbullying, teniendo en cuenta su relación con el sexo y el nivel educativo. También se relaciona el consumo con la supervisión familiar durante la conexión a la red. Se aplicó un cuestionario autoinformado a 1353 adolescentes escolares de Educación Secundaria y Bachillerato, de un rango de edad de 12-21 años (M = 14.8; DT = 1.62; 52.8% varones). Los resultados indican que el consumo medio del móvil y del ordenador se encuentra entre 1-2 horas al día. Casi un 13%&#xd;
se encuentra en situación de ciberadicción y el 32% en situación de riesgo.&#xd;
Se aprecian diferencias por sexo y nivel educativo. Se constata un mayor nivel de incidencia del bullying (12%) frente al cyberbullying (7.7%), así como una considerable asociación entre estas conductas y el consumo de medios. La supervisión familiar actúa como factor de protección. Estos resultados plantean la necesidad de alentar a adolescentes y educadores sobre la importancia de educar en los riesgos del abuso de las tecnologías.</subfield>
   </datafield>
   <datafield ind1="8" ind2=" " tag="024">
      <subfield code="a">Arnaiz, P., Cerezo, F., Giménez-Gualdo, A. M., y Maquilón, J. J. (2016). Conductas de ciberadicción y experiencias de cyberbullying entre adolescentes. Anales de psicología, 22(3), 761-769</subfield>
   </datafield>
   <datafield ind1="8" ind2=" " tag="024">
      <subfield code="a">https://hdl.handle.net/10630/32417</subfield>
   </datafield>
   <datafield ind1="8" ind2=" " tag="024">
      <subfield code="a">10.6018/analesps.32.3.217461</subfield>
   </datafield>
   <datafield tag="653" ind2=" " ind1=" ">
      <subfield code="a">Ciberacoso</subfield>
   </datafield>
   <datafield tag="653" ind2=" " ind1=" ">
      <subfield code="a">Acoso moral en la escuela</subfield>
   </datafield>
   <datafield tag="653" ind2=" " ind1=" ">
      <subfield code="a">Internet - Aspectos psicológicos</subfield>
   </datafield>
   <datafield tag="653" ind2=" " ind1=" ">
      <subfield code="a">Adolescentes - Psicología</subfield>
   </datafield>
   <datafield ind2="0" ind1="0" tag="245">
      <subfield code="a">Conductas de ciberadicción y experiencias de cyberbullying entre adolescentes.</subfield>
   </datafield>
</record>
</metadata></record></GetRecord></OAI-PMH>